[Event "27.Schlosspark-Open"]
[Site "Wiesbaden-Biebrich"]
[Date "2015.08.29"]
[Round "5.82"]
[White "Happel, Jürgen"]
[Black "Deutsch, Volker"]
[Result "1/2-1/2"]
[WhiteElo "1586"]
[BlackElo "1329"]
[PlyCount "100"]
[EventDate "2015.??.??"]
[WhiteTeam "SV Hofheim"]
[BlackTeam "SK Gründau"]

1. d4 d5 2. Bf4 Nf6 3. h3 c5 4. e3 Qb6 5. b3 e6 6. Nf3 Nc6 7. Be2 Bd7 8. O-O
Be7 9. Ne5 O-O 10. a4 Rfd8 11. Nxc6 Qxc6 12. Nd2 Rac8 13. c4 Bd6 14. Bxd6 Qxd6
15. Nf3 Ne4 16. Rc1 Qb6 17. Bd3 Bc6 18. Bxe4 dxe4 19. Nh2 Rd6 20. dxc5 Qxc5 21.
Qc2 f5 22. Rfd1 Rcd8 23. Rxd6 Rxd6 24. Rd1 Rxd1+ 25. Qxd1 Qb4 26. Nf1 a6 27. g4
b5 28. Qd8+ Qf8 29. Qxf8+ Kxf8 30. cxb5 axb5 31. axb5 Bxb5 32. Nd2 Be2 33. gxf5
exf5 34. Kg2 Ke7 35. f3 exf3+ 36. Nxf3 Bd1 37. b4 Kd6 38. Kg3 Kd5 39. Kf4 Kc4
40. Nd4 g6 41. b5 Kc5 42. h4 h6 43. Ke5 g5 44. hxg5 hxg5 45. Ne6+ Kxb5 46. Nxg5
Bc2 47. Nf7 Kc6 48. Nh6 Kd7 49. Nxf5 Bb1 50. Kd4 Bxf5 1/2-1/2

[Event "27.Schlosspark-Open"]
[Site "Wiesbaden-Biebrich"]
[Date "2015.08.29"]
[Round "5.83"]
[White "Tampe, Friederike"]
[Black "Köllner, Aaron Noah"]
[Result "0-1"]
[WhiteElo "1297"]
[BlackElo "1582"]
[PlyCount "58"]
[EventDate "2015.??.??"]
[WhiteTeam "Schachforum Darmstadt"]
[BlackTeam "SV Bergneustadt/Derschlag"]

1. e4 c5 2. Nf3 Nf6 3. Nc3 d5 4. exd5 Nxd5 5. Nxd5 Qxd5 6. d3 Nc6 7. Be2 e5 8.
Be3 Bd6 9. O-O O-O 10. Nd2 Nd4 11. Ne4 Nxe2+ 12. Qxe2 Be7 13. Nc3 Qc6 14. Qh5
f5 15. Rfe1 b5 16. a3 Bb7 17. f3 b4 18. axb4 cxb4 19. Ne2 Qxc2 20. Rab1 Qxd3
21. Bf2 Qb5 22. Ng3 Bc8 23. Re2 g6 24. Qh6 f4 25. Rbe1 fxg3 26. Bxg3 e4 27.
Rxe4 Bg5 28. Rxb4 Qc5+ 29. Kh1 Bxh6 0-1

[Event "27.Schlosspark-Open"]
[Site "Wiesbaden-Biebrich"]
[Date "2015.08.29"]
[Round "5.84"]
[White "Börkey, Luis"]
[Black "Masoudi, Kian"]
[Result "1-0"]
[WhiteElo "1566"]
[BlackElo "1241"]
[PlyCount "131"]
[EventDate "2015.??.??"]
[WhiteTeam "Wiesbadener SV"]
[BlackTeam "SC Bergen-Enkheim"]

1. d4 Nf6 2. c4 c5 3. d5 e6 4. Nc3 exd5 5. cxd5 d6 6. e4 g6 7. Bf4 a6 8. Qa4+
Bd7 9. Qb3 b5 10. f3 Nh5 11. Be3 Bg7 12. Nge2 O-O 13. Ng3 Nf6 14. Be2 Re8 15.
O-O b4 16. Nd1 Bb5 17. Rf2 Bxe2 18. Rxe2 Nbd7 19. Bf4 Nb6 20. Ne3 h6 21. Nc4
Nxc4 22. Qxc4 Nh7 23. a3 Rb8 24. axb4 Rxb4 25. Qxa6 Rb6 26. Qa3 g5 27. Bc1 Nf6
28. Nf5 Bf8 29. Bd2 Qd7 30. Bc3 Nxd5 31. Rd2 Nf4 32. Qxc5 dxc5 33. Rxd7 Ne2+
34. Kf2 Nxc3 35. bxc3 Rb2+ 36. Kg3 Rc2 37. Raa7 Rxc3 38. Rxf7 Rb3 39. Ng7 Rc8
40. Nh5 Bd6+ 41. Kg4 Be5 42. Nf6+ Bxf6 43. Rxf6 c4 44. Rg6+ Kf8 45. Rxh6 Kg8
46. Rhh7 Rb5 47. Rag7+ Kf8 48. Rh8+ Kxg7 49. Rxc8 Rb4 50. Kxg5 Rb2 51. g4 c3
52. Rc7+ Kg8 53. Rxc3 Rxh2 54. f4 Ra2 55. Rc5 Ra7 56. Rc6 Kf7 57. e5 Ra8 58. f5
Rg8+ 59. Kf4 Rb8 60. e6+ Ke7 61. Rc7+ Ke8 62. Rh7 Rb4+ 63. Kg5 Re4 64. Kf6 Kd8
65. Rh8+ Kc7 66. e7 1-0

[Event "27.Schlosspark-Open"]
[Site "Wiesbaden-Biebrich"]
[Date "2015.08.29"]
[Round "5.85"]
[White "Nasshan, Erich"]
[Black "Gießelbach, Christian"]
[Result "1-0"]
[WhiteElo "1543"]
[BlackElo "1083"]
[PlyCount "47"]
[EventDate "2015.??.??"]
[WhiteTeam "SC Ramstein"]
[BlackTeam "TuS Dotzheim"]

1. c4 c5 2. Nf3 Nf6 3. g3 g6 4. Bg2 Bg7 5. O-O Nc6 6. Nc3 O-O 7. Rb1 e6 8. d4
cxd4 9. Nxd4 Re8 10. Nxc6 dxc6 11. Bf4 Nd7 12. Ne4 f6 13. Qd2 Nb6 14. Nd6 Re7
15. c5 Nc4 16. Nxc4 Rd7 17. Bd6 e5 18. Bh3 Rf7 19. Bg2 Rd7 20. b4 Bf8 21. Bh3
f5 22. Nxe5 Bxd6 23. Nxd7 Qxd7 24. Qxd6 1-0

[Event "27.Schlosspark-Open"]
[Site "Wiesbaden-Biebrich"]
[Date "2015.08.29"]
[Round "5.86"]
[White "Porstendörfer, Eric"]
[Black "Busch, Günther"]
[Result "0-1"]
[WhiteElo "1060"]
[BlackElo "1528"]
[PlyCount "76"]
[EventDate "2015.??.??"]
[WhiteTeam "SK Klingenberg"]
[BlackTeam "FC Bierstadt"]

1. g3 d6 2. Bg2 g6 3. Nf3 Bg7 4. O-O c5 5. Nc3 Nc6 6. Re1 e6 7. d3 Nge7 8. Ne4
O-O 9. Be3 b6 10. d4 d5 11. Nc3 c4 12. b3 Ba6 13. Qd2 b5 14. Bh6 Nf5 15. Bg5
Qc7 16. e4 Nfxd4 17. Bh6 Nxf3+ 18. Bxf3 d4 19. Nd5 exd5 20. exd5 Ne5 21. Be4
Qd6 22. Bxg7 Kxg7 23. Qxd4 Qf6 24. Kf1 c3 25. d6 b4+ 26. Kg2 Rad8 27. Qxb4 Ng4
28. f3 Rxd6 29. fxg4 Rd2+ 30. Kh3 Qg5 31. Qxc3+ Kg8 32. Qe3 Bf1+ 33. Rxf1 Qxe3
34. g5 Qxe4 35. Rf4 Qg2+ 36. Kg4 h5+ 37. gxh6 Qxh2 38. Raf1 Qh5# 0-1

[Event "27.Schlosspark-Open"]
[Site "Wiesbaden-Biebrich"]
[Date "2015.08.29"]
[Round "5.87"]
[White "Deutsch, Oliver"]
[Black "Peschk, Kathrin"]
[Result "1/2-1/2"]
[WhiteElo "1124"]
[BlackElo "1309"]
[PlyCount "74"]
[EventDate "2015.??.??"]
[WhiteTeam "SK Gründau"]
[BlackTeam "SV Groß-Gerau"]

1. e4 e5 2. Nf3 Nc6 3. Bc4 Bc5 4. Nc3 Nf6 5. d3 d6 6. Bg5 Be6 7. Bb5 O-O 8. Bc4
a6 9. Bb3 Nd4 10. Nxd4 Bxd4 11. O-O Bxc3 12. bxc3 c6 13. Qf3 b5 14. Bxf6 Qxf6
15. Qxf6 gxf6 16. d4 Rac8 17. Rfd1 Kh8 18. dxe5 dxe5 19. Bxe6 fxe6 20. Rd6 Rfe8
21. Rb1 f5 22. f3 h6 23. c4 Kg8 24. cxb5 axb5 25. c4 f4 26. h3 bxc4 27. Rc1 Kf7
28. Rxc4 c5 29. Rd7+ Kg8 30. Rb7 Red8 31. Rb5 Rd1+ 32. Kh2 Rd2 33. a4 Kh8 34.
Rbxc5 Rg8 35. Rc8 Rdxg2+ 36. Kh1 Rg1+ 37. Kh2 R1g2+ 1/2-1/2

[Event "27.Schlosspark-Open"]
[Site "Wiesbaden-Biebrich"]
[Date "2015.08.29"]
[Round "5.88"]
[White "Bayer, Melissa"]
[Black "Pantlowsky, Luisa"]
[Result "1/2-1/2"]
[WhiteElo "1108"]
[BlackElo "1261"]
[PlyCount "124"]
[EventDate "2015.??.??"]
[WhiteTeam "SK Gründau"]
[BlackTeam "FC Bierstadt"]

1. e4 e5 2. Nf3 Nc6 3. Bb5 Nf6 4. Nc3 Bc5 5. d3 d6 6. O-O Bg4 7. h3 Bh5 8. Bg5
h6 9. Be3 Bb6 10. Nd5 O-O 11. Qe2 Nd4 12. Bxd4 Bxd4 13. Nc3 c6 14. Ba4 Nd7 15.
g4 Bg6 16. a3 h5 17. Nxd4 exd4 18. Na2 Qg5 19. f4 Qh4 20. Kg2 hxg4 21. Qxg4 Qe7
22. Rh1 Bh7 23. Bb3 Kh8 24. Rae1 Rae8 25. Qg5 Qxg5+ 26. fxg5 Re5 27. h4 f6 28.
gxf6 Rxf6 29. c3 c5 30. Bd5 b6 31. Ref1 Rg6+ 32. Kh3 Nf6 33. Bf7 Rh6 34. Nc1 g5
35. Kg3 Bg8 36. Bxg8 Kxg8 37. Rf5 Nh5+ 38. Kg4 Nf6+ 39. Kxg5 Kg7 40. Rxe5 dxe5
41. h5 Nd7 42. Ne2 Rf6 43. h6+ Kh7 44. cxd4 cxd4 45. Rh2 Rg6+ 46. Kf5 Rxh6 47.
Rxh6+ Kxh6 48. Ke6 Nc5+ 49. Kxe5 Nxd3+ 50. Kxd4 Nxb2 51. e5 Kg6 52. Kd5 Kf7 53.
Kd6 Nc4+ 54. Kd5 Nxa3 55. e6+ Ke7 56. Nd4 a5 57. Nc6+ Ke8 58. Nxa5 bxa5 59. Kc5
Ke7 60. Kb6 Nc4+ 61. Kb5 Nb6 62. Kxa5 Kxe6 1/2-1/2

[Event "27.Schlosspark-Open"]
[Site "Wiesbaden-Biebrich"]
[Date "2015.08.29"]
[Round "5.90"]
[White "Künne, Lutz Dieter"]
[Black "Lochmann, Tobias"]
[Result "1-0"]
[WhiteElo "1556"]
[BlackElo "713"]
[PlyCount "37"]
[EventDate "2015.??.??"]
[WhiteTeam "KC Jena"]
[BlackTeam "SV Groß-Gerau"]

1. e4 e5 2. Nf3 Nc6 3. Bb5 Nge7 4. O-O d6 5. d4 exd4 6. Nxd4 Bd7 7. Nc3 Ng6 8.
Nxc6 bxc6 9. Bc4 Ne5 10. Be2 Be7 11. f4 Ng4 12. Bxg4 Bxg4 13. Qxg4 O-O 14. f5
d5 15. Kh1 d4 16. Bh6 Bf6 17. Ne2 d3 18. Bxg7 Bxg7 19. f6 1-0

[Event "27.Schlosspark-Open"]
[Site "Wiesbaden-Biebrich"]
[Date "2015.08.29"]
[Round "5.91"]
[White "Porstendörfer, Yannik"]
[Black "Held, Gerd"]
[Result "0-1"]
[WhiteElo "1200"]
[BlackElo "1450"]
[PlyCount "54"]
[EventDate "2015.??.??"]
[WhiteTeam "SK Klingenberg"]
[BlackTeam "SC Groß-Zimmern"]

1. d4 g6 2. e4 Bg7 3. c4 c5 4. d5 d6 5. Nf3 Nf6 6. Nc3 Na6 7. Be2 O-O 8. O-O
Nc7 9. Bg5 h6 10. Bd2 Rb8 11. Qc1 Kh7 12. h3 Bd7 13. b3 b5 14. e5 Nfe8 15. exd6
exd6 16. cxb5 Nxb5 17. Bxb5 Bxb5 18. Re1 Bd7 19. g4 f5 20. Nh2 fxg4 21. hxg4
Qh4 22. Be3 Bxg4 23. Nxg4 Qxg4+ 24. Kh1 Rf3 25. Bf4 Rxf4 26. Rb1 Qh3+ 27. Kg1
Rg4# 0-1